000 00787cam a22002171 4500
001 sa 68015323
003 DLC
005 20260227112642.0
008 890316s1967 io c f000 0 ind
010 _asa 68015323
035 _a(OCoLC)23557519
040 _aDLC
_cMiU
_dDLC
042 _apremarc
043 _aa-io---
050 0 0 _aJ631.N3
_bS815
110 1 _aIndonesia.
_bPresident (1967-1998 : Soeharto)
245 0 0 _aPidato sambutan Pd.
_bPresiden Republik Indonesia dan Ketua Madjelis Permusjawaratan Rakjat Sementara R. I. pada pembukaan muktamar partai N. U., diselenggarakan pada tanggal 4 Djuli 1967 di Bandung.
260 _a[Djakarta]
_bDepartemen Penerangan R.I.
_c[1967]
300 _a22 p.
_bports.
_c21 cm.
651 0 _aIndonesia
_xPolitics and government
_y1966-1998.
999 _c86382
_d86382